Spanish Adjectives - Statistics

General Stats
  • This quiz has been taken 17 times
  • The average score is 35 of 44
Answer Stats
Hint Answer % Correct
delicioso delicious
100%
bonito beautiful
93%
grande big
93%
dificil difficult
93%
rápido fast
93%
feliz happy
93%
horrible horrible
93%
importante important
93%
inteligente intelligent
93%
interesante interesting
93%
luminoso light
93%
nuevo new
93%
alto tall
93%
terrible terrible
93%
tranquilo calm / quiet
86%
cerrado closed
86%
frio cold
86%
loco crazy
86%
gordo fat
86%
caliente hot
86%
viejo old
86%
rico rich
86%
triste sad
86%
facil easy
79%
caro expensive
79%
relajado relaxed
79%
Útil useful
79%
inútil useless
79%
aburrido boring
71%
oscuro dark
71%
pobre poor
71%
enojado angry
64%
limpio clean
64%
amable friendly
64%
divertido fun
64%
bajo low / short
64%
abierto open
64%
listo ready
64%
feo ugly
64%
preocupado worried
64%
molesto annoying
57%
barato cheap
57%
rudioso loud
57%
Lento slow
57%
No matching quizzes found
Score Distribution
Percent of People with Each Score
Percentile by Number Answered
Your Score History
You have not taken this quiz